<?xml version="1.0" encoding="UTF-8"?>
<collection xmlns="http://www.loc.gov/MARC21/slim">
 <record>
  <leader>01591pamaa2200229   4500</leader>
  <controlfield tag="001">0000045283</controlfield>
  <controlfield tag="005">20090612090000.0</controlfield>
  <controlfield tag="008">090612                             eng  </controlfield>
  <datafield tag="020" ind1="0" ind2="0">
   <subfield code="a">9780743297400 / 0743297407 (pbk.) </subfield>
  </datafield>
  <datafield tag="090" ind1="0" ind2="0">
   <subfield code="a">HD9696.63.U62 </subfield>
   <subfield code="b">BUD 2006</subfield>
  </datafield>
  <datafield tag="100" ind1="1" ind2="0">
   <subfield code="a">Buderi </subfield>
  </datafield>
  <datafield tag="245" ind1="1" ind2="0">
   <subfield code="a">Guanxi (The art of relationships) : </subfield>
   <subfield code="b">Microsoft, China, and Bill Gates's plan to win the road ahead  </subfield>
   <subfield code="c">Robert Buderi and Gregory T. Huang.</subfield>
  </datafield>
  <datafield tag="260" ind1="0" ind2="0">
   <subfield code="a">New York, NY: </subfield>
   <subfield code="b">Simon &amp; Schuster, </subfield>
   <subfield code="c">2006.</subfield>
  </datafield>
  <datafield tag="300" ind1=" " ind2=" ">
   <subfield code="a">x, 306 p., [8] p. of plates: </subfield>
   <subfield code="b">ill.; </subfield>
   <subfield code="c">19 cm.</subfield>
  </datafield>
  <datafield tag="500" ind1="0" ind2="0">
   <subfield code="a">Includes index</subfield>
  </datafield>
  <datafield tag="505" ind1="0" ind2="0">
   <subfield code="a">Beast from the East (November 8-11, 2004) -- The Bell Labs of China (Fall 1997-November 1998)  -- From Beijing to Bill G. (November 1998- October 1999) -- Microsoft's Chinese heart (November 1999-August 2000) -- Ya-Qin Dynasty (August 2000-July 2001) -- The Great Wall and other Microsoft creations (October 2001-January 2004) -- Microsoft made in China (November 2002-November 2004) -- The curious inventions of Jian Wang (September 1999-June 2005) -- Search war (March 2003-March 2005) -- The further adventures of one-handed Jordan and Mr. Magneto (March-May 2005) -- Battle over Kai-Fu Lee (August 2000-September 2005) -- How to make it in China (Summer and Fall 2005)</subfield>
  </datafield>
  <datafield tag="650" ind1="0" ind2="0">
   <subfield code="a">Microsoft Corporation -- </subfield>
   <subfield code="x">Management </subfield>
  </datafield>
  <datafield tag="650" ind1="0" ind2="0">
   <subfield code="a">Computer software industry -- </subfield>
   <subfield code="x">Management -- </subfield>
   <subfield code="x">Case studies -- </subfield>
   <subfield code="z">United States </subfield>
  </datafield>
  <datafield tag="650" ind1="0" ind2="0">
   <subfield code="a">United States -- </subfield>
   <subfield code="x">Commerce -- </subfield>
   <subfield code="z">China </subfield>
  </datafield>
  <datafield tag="650" ind1="0" ind2="0">
   <subfield code="a">China -- </subfield>
   <subfield code="x">Commerce -- </subfield>
   <subfield code="z">United States </subfield>
  </datafield>
  <datafield tag="700" ind1="1" ind2="1">
   <subfield code="a">Huang, </subfield>
   <subfield code="h">Gregory T. </subfield>
  </datafield>
  <datafield tag="901" ind1=" " ind2=" ">
   <subfield code="u">http://www.simonandschuster.com</subfield>
  </datafield>
 </record>
</collection>
